000 00586nam a2200157 a 4500
001 000016097
005 20200929164255.0
008 100225s1968 dr 000 0 spa d
040 _aDO-SdBNP
_bspa
_cBNPHU
082 _axxxx
_bS471n
111 2 _aSeminario de nutrición del niño y la familia
_d(1967 abr. 10-15 :
_cSanto Domingo)
_936085
245 1 0 _aSeminario de nutrición del niño y la familia /
_cprólogo Rafael Sajon.
260 _aMontevideo, Uruguay :
_bInstituto Interamericano del Niño,
_c1968.
300 _a340 p. :
_bil. ;
_c24 cm.
700 1 _aSajon, Rafael
_epról.
_929669
999 _c15638
_d15638